| 000 | 02185nam0a2200337 4500 | ||
|---|---|---|---|
| 001 | RU\NLR\bibl\1312850 | ||
| 005 | 20260406011143.0 | ||
| 010 |
_a978-5-7786-0306-6 _9250 |
||
| 021 |
_aRU _b2008-87152 _95089 |
||
| 035 | _a(NLR Aleph) 001298279 | ||
| 090 |
_a602796 _c602796 |
||
| 100 | _a20081225d2008 |||y0rusy50 ca | ||
| 101 | 0 | _arus | |
| 102 | _aRU | ||
| 105 | _aa ||||||||| | ||
| 200 | 1 |
_aАктуальные проблемы совершенствования управления региональными и муниципальными финансами _eНаучно-практическая конференция, 10-11 июля 2008 г. _f[редкол.: к.э.н. С.Б. Левинсон (отв. ред.) и др.] |
|
| 210 |
_aВолгоград _cИзд-во ФГОУ ВПО "Волгоградская академия государственной службы" _d2008 |
||
| 215 |
_a279 с. _cил. _d19 |
||
| 300 | _aВ надзаг.: Федер. агентство по образованию, Федер. гос. образоват. учреждение высш. проф. образования "Волгоград. акад. гос. службы", Ком. бюджет.-финансовой политики и казначейства Администрации Волгоград. обл. | ||
| 320 | _aБиблиогр. в конце докл. и в подстроч. примеч. | ||
| 606 | 1 |
_aМестные финансы _jСъезды, совещания и т.п. _xУправление _yРоссийская Федерация _92381324 _3RU\NLR\auth\661420774 |
|
| 606 | 1 |
_aФинансы муниципальные _jСъезды, совещания и т.п. _xУправление _yРоссийская Федерация _92533551 _3RU\NLR\auth\661500540 |
|
| 686 | _aУ26(2)134.06я431 | ||
| 686 | _aУ26(2)134.061(2Р-4Во)я431 | ||
| 702 | 1 |
_4340 _8rus _7ca _aЛевинсон _bС. Б. _gСамуил Бениаминович _3RU\NLR\auth\77116644 _999569 |
|
| 801 | 0 |
_aRU _bNLR _c20081225 _gRCR |
|
| 801 | 1 |
_aRU _bNLR _c20081225 |
|
| 942 | _cBOOK | ||
| 980 | _aNB | ||